1596 1360 1345 1165 1382 1653 1804 1919 1638 1283 1978 1421 1830 1378 1672 1856 1857 1113 1001 1478 1069 1397 1085 1306 1292 1082 1021 1683 1574 1370 1984 1513 1441 1041 1906 1827 1651 1848 1539 1459 1745 1101 1043 1618 1845 1863 1214 1668 1001 1097 1228 1882 1148 1615 1885 1519 1614 1395 1404 1275 1001 1076 1513 1870 1452 1421 1892 1559 1031 1728 1246 1545 1868 1519 1953 1521 1933 1168 1341 1960 1005 1473 1683 1937 1205 1630 1911 1313 1115 1050 1627 1022 1168 1005 1229 1303 1345 1131 1808 BCNSPRNW ULIB Ver.6.0+V

เปลี่ยนเป็นภาษาไทย

Change to English
 แสดงรายละเอียดบรรณานุกรม
  กลับหน้าหลัก

Brief Record : Get Marc (ISO 2709) : E-mail record : QR code < ปิดหน้าต่าง
LEADER : 00000nam 2200000uu 4500
001    13399127700
003     ULIB
008    210420s2562||||th 000 0 tha d
020    ^a9786167854168
060  4 ^aWT100^bสค677
245 00 ^aสาระสำคัญ "การพัฒนาศักยภาพทีมนำสื่อสารเพื่อสร้างการเปลี่ยนแปลง:บูรณาการพัฒนาคุณภาพชีวิตผู้สูงอายุ" ระหว่างวันที่ 23-24 พฤษภาคม 2562 ณโรงแรมอมารี ดอนเมือง แอร์พอร์ต กรุงเทพฯ /^cกองบรรณาธิการ, ทัศนีย์ญาณะ, พฤกษา บุกบุญ
246 30 ^aการพัฒนาศักยภาพทีมนำสื่อสารเพื่อสร้างการเปลี่ยนแปลง:บูรณาการพัฒนาคุณภาพชีวิตผู้สูงอายุ
260    ^aนนทบุรี :^bมูลนิธิสถาบันวิจัยและพัฒนาระบบสุขภาพชุมชน (มสพช.),^c2562
300    ^a46 หน้า :^bภาพประกอบสี ;^c19 ซม.
650  4 ^aผู้สูงอายุ
650  4 ^aคุณภาพชีวิตผู้สูงอายุ
650  4 ^aระบบบริการสุขภาพ
650  4 ^aการสื่อสาร
700 0  ^aทัศนีย์ ญาณะ,^eบรรณาธิการ
700 0  ^aพฤกษา บุกบุญ,^eบรรณาธิการ
710 2  ^aมูลนิธิสถาบันวิจัยและพัฒนาระบบสุขภาพชุมชน (มสพช.)
945    ^p0^l0^i008025
999    ^aประนอม เกษจรัล
รายการนี้ยังไม่มีแท็ก
คุณยังไม่ได้ล็อกอิน คุณสามารถมีกิจกรรมร่วมกับเว็บไซต์ได้ แต่ต้องล็อกอินก่อน ::
  ล็อกอิน

รายการสื่อสารสนเทศ

ลำดับที่ ประเภท เลขเรียก/บาร์โค้ด สถานที่ สถานะ
1. วิทยาศาสตร์การแพทย์ และสุขภาพ
วิทยาศาสตร์การแพทย์ และสุขภาพ
WT100 สค677 ฉ.1 
  Barcode: 008025
ห้องสมุดวิทยาเขตสวรรค์ประชารักษ์
►หนังสือทั่วไป
บนชั้น

รายการใกล้เคียง
    หัวเรื่อง [ผู้สูงอายุ]
    หัวเรื่อง [คุณภาพชีวิตผู้สูงอายุ]
    หัวเรื่อง [ระบบบริการสุขภาพ]
    หัวเรื่อง [การสื่อสาร]

BibComment


ยังไม่เคยถูกคอมเมนท์

คอมเมนท์ทรัพยากรรายการนี้
  คอมเมนท์: สาระสำคัญ การพัฒ..


 Copyright 2026. Bcnsprnw @Library